[Event "Sveins 10. minneturnering"]
[Site "Oslo"]
[Date "2017.06.27"]
[Round "9"]
[White "Tan, Justin"]
[Black "Berg, Emanuel"]
[Result "1-0"]
[WhiteElo "2448"]
[BlackElo "2573"]
[PlyCount "103"]
[EventDate "2017.??.??"]

1. e4 e6 2. d4 d5 3. Nd2 Nf6 4. e5 Nfd7 5. Bd3 c5 6. c3 Nc6 7. Ne2 cxd4 8. cxd4
f6 9. exf6 Nxf6 10. O-O Bd6 11. Nf3 Qc7 12. Bg5 O-O 13. Bh4 Nh5 14. Qc2 h6 15.
Bh7+ Kh8 16. Bg6 Rxf3 17. Bxh5 Rf8 18. Bg3 Bd7 19. Rac1 Rf6 20. Qd2 Raf8 21. a3
Be8 22. Bxe8 Rxe8 23. Rc3 Ref8 24. b4 a6 25. f3 Bxg3 26. hxg3 Qd6 27. Rfc1 Kg8
28. Rc5 Rd8 29. Qe3 Rf7 30. Kh2 Rf5 31. Qd3 Rh5+ 32. Kg1 e5 33. dxe5 Rxe5 34.
Nf4 Ne7 35. Rc7 Rd7 36. Rxd7 Qxd7 37. Qc3 Nc6 38. Nd3 Re3 39. Re1 Re6 40. Kf2
d4 41. Qd2 Rxe1 42. Qxe1 Kf7 43. Qd2 b6 44. Qc2 Ke7 45. Nf4 Qd6 46. Qe2+ Ne5
47. Qxa6 Qc6 48. b5 Qc1 49. Qb7+ Kf6 50. Qxb6+ Kg5 51. Qd8+ Kf5 52. Qf8+ 1-0

[Event "Sveins 10. minneturnering"]
[Site "Oslo"]
[Date "2017.06.27"]
[Round "9"]
[White "Arvola, Benjamin"]
[Black "Hector, Jonny"]
[Result "1-0"]
[WhiteElo "2435"]
[BlackElo "2503"]
[PlyCount "79"]
[EventDate "2017.??.??"]

1. e4 e5 2. Nf3 Nc6 3. Bb5 a6 4. Ba4 Nf6 5. O-O Be7 6. Re1 b5 7. Bb3 Bb7 8. d3
O-O 9. Nc3 d6 10. a3 Nd4 11. Ba2 h6 12. Nxd4 exd4 13. Ne2 c5 14. Ng3 Re8 15.
Qf3 Bf8 16. Nf5 d5 17. e5 Nh7 18. Bd2 Ng5 19. Qg3 Kh7 20. b4 Qd7 21. Nd6 Bxd6
22. exd6 c4 23. c3 Ne6 24. dxc4 bxc4 25. cxd4 Nxd4 26. Bc3 Nf5 27. Qg4 g6 28.
Rxe8 Rxe8 29. Bb1 f6 30. h4 Bc8 31. h5 Rg8 32. Bc2 gxh5 33. Qf3 Kg7 34. Rd1 d4
35. Bxd4 Nxd4 36. Rxd4 f5 37. Rxc4 Qxd6 38. Qc3+ Qf6 39. Rc7+ Kg6 40. Rc6 1-0

[Event "Sveins 10. minneturnering"]
[Site "Oslo"]
[Date "2017.06.27"]
[Round "9"]
[White "Hillarp Persson, Tiger"]
[Black "Ostrovskiy, Aleksandr A"]
[Result "1-0"]
[WhiteElo "2496"]
[BlackElo "2381"]
[PlyCount "109"]
[EventDate "2017.??.??"]

1. c4 e5 2. g3 Nf6 3. Bg2 c6 4. Nf3 e4 5. Nd4 d5 6. cxd5 cxd5 7. d3 Bc5 8. Nb3
Bb4+ 9. Bd2 Bxd2+ 10. Qxd2 Qe7 11. Nc3 O-O 12. O-O Nc6 13. Rfd1 Re8 14. dxe4
dxe4 15. Qd6 Bf5 16. Rac1 Qxd6 17. Rxd6 Re5 18. a3 Kf8 19. f4 exf3 20. exf3 Rd8
21. Rxd8+ Nxd8 22. Nd4 Bd7 23. Rd1 Rc5 24. Kf2 Ne6 25. Nxe6+ Bxe6 26. Ke3 Nd5+
27. Nxd5 Rxd5 28. Rd4 Ke7 29. f4 Rxd4 30. Kxd4 b6 31. Bd5 Bd7 32. Be4 f5 33.
Bd3 Kd6 34. g4 g6 35. g5 Be6 36. Bb5 Bf7 37. h4 a5 38. Ba4 Bg8 39. Be8 Ke7 40.
Bb5 Kd6 41. Be2 Bf7 42. Bf3 Be6 43. h5 gxh5 44. Bxh5 Bd5 45. Be8 Bg8 46. Bb5
Be6 47. Bd3 Bd7 48. Bc4 Be6 49. Bxe6 Kxe6 50. Kc4 Kd6 51. Kb5 Kc7 52. Ka6 Kc6
53. b4 axb4 54. axb4 b5 55. Ka5 1-0

[Event "Sveins 10. minneturnering"]
[Site "Oslo"]
[Date "2017.06.27"]
[Round "9"]
[White "Kizatbay, Abyl"]
[Black "Hansen, TorbjÃ¸rn R"]
[Result "0-1"]
[WhiteElo "2134"]
[BlackElo "2443"]
[PlyCount "52"]
[EventDate "2017.??.??"]

1. e4 c6 2. Nc3 d5 3. Nf3 dxe4 4. Nxe4 Nf6 5. Nxf6+ exf6 6. d4 Bd6 7. Be2 O-O
8. O-O Re8 9. c4 Nd7 10. h3 Nf8 11. Re1 Be6 12. b3 Qd7 13. Bb2 Rad8 14. Bf1 Ng6
15. Qd2 Bb8 16. Rad1 Qc7 17. g3 h5 18. h4 Qc8 19. Qa5 b6 20. Qc3 Bd6 21. Bg2 a5
22. Qc1 Bh3 23. Rxe8+ Rxe8 24. d5 Bxg2 25. Kxg2 Nf4+ 26. Kh2 Qh3+ 0-1

[Event "Sveins 10. minneturnering"]
[Site "Oslo"]
[Date "2017.06.27"]
[Round "9"]
[White "Moen, Ole Christian"]
[Black "Djurhuus, Rune"]
[Result "0-1"]
[WhiteElo "2178"]
[BlackElo "2421"]
[PlyCount "66"]
[EventDate "2017.??.??"]

1. e4 c5 2. Nf3 Nc6 3. Bb5 g6 4. O-O Bg7 5. Re1 Qb6 6. a4 a6 7. Bf1 Nf6 8. Na3
Qc7 9. h3 d6 10. c3 O-O 11. d4 cxd4 12. cxd4 d5 13. e5 Ne4 14. Bd3 f5 15. Nc2
Qb6 16. b4 Bd7 17. Ba3 Nc3 18. Qd2 Nxa4 19. b5 axb5 20. Rab1 Ra5 21. e6 Be8 22.
Nb4 Ra7 23. Nxd5 Qd8 24. Rxb5 b6 25. Bc4 Na5 26. Rxa5 bxa5 27. Qg5 h6 28. Nxe7+
Kh7 29. Qh4 Bf6 30. Qxf6 Rxf6 31. Nd5 Nb6 32. e7 Qxd5 33. Bxd5 Nxd5 0-1

[Event "Sveins 10. minneturnering"]
[Site "Oslo"]
[Date "2017.06.27"]
[Round "9"]
[White "Haubro, Martin"]
[Black "Getz, Nicolai"]
[Result "0-1"]
[WhiteElo "2365"]
[BlackElo "2391"]
[PlyCount "72"]
[EventDate "2017.??.??"]

1. e4 c5 2. Nf3 d6 3. d4 cxd4 4. Nxd4 Nf6 5. Nc3 a6 6. Bg5 Nbd7 7. f4 Qc7 8.
Qf3 b5 9. O-O-O Bb7 10. Bd3 g6 11. Rhe1 Bg7 12. Nd5 Nxd5 13. exd5 Nf6 14. Nc6
Bxc6 15. dxc6 O-O 16. f5 Rae8 17. h4 e5 18. Bxf6 Bxf6 19. g3 d5 20. Qxd5 e4 21.
Bxe4 Qxg3 22. fxg6 hxg6 23. h5 Rd8 24. Qb3 Qf4+ 25. Qe3 Qxe3+ 26. Rxe3 Bg5 27.
Rde1 f5 28. c7 Rd7 29. Bd3 Re7 30. Kd1 Bxe3 31. hxg6 f4 32. Rh1 Rxc7 33. Be4
Rd8+ 34. Ke2 Rxc2+ 35. Kf3 Rc7 36. Bf5 Re7 0-1

[Event "Sveins 10. minneturnering"]
[Site "Oslo"]
[Date "2017.06.27"]
[Round "9"]
[White "Hansen, Lars-Henrik Bech"]
[Black "Hoi, Carsten"]
[Result "0-1"]
[WhiteElo "2019"]
[BlackElo "2359"]
[PlyCount "70"]
[EventDate "2017.??.??"]

1. e4 g6 2. d4 Bg7 3. Be3 c5 4. Nf3 Nf6 5. Nc3 Ng4 6. Bc4 O-O 7. O-O Nc6 8. h3
cxd4 9. Bxd4 Nxd4 10. Nxd4 Ne5 11. Bb3 Nc6 12. Nxc6 bxc6 13. Qd3 d6 14. Rad1
Qb6 15. Rfe1 Ba6 16. Qf3 Rad8 17. Na4 Qa5 18. Qe3 c5 19. Nc3 e6 20. a3 Qc7 21.
Rd2 Rb8 22. Rb1 Rfd8 23. Nd1 c4 24. Ba2 d5 25. exd5 exd5 26. Qf3 d4 27. c3 Re8
28. Re2 Bb7 29. Qg3 Be5 30. Rxe5 Rxe5 31. f3 Rbe8 32. f4 Re1+ 33. Kh2 R8e2 34.
Nf2 Rxb1 35. Bxb1 d3 0-1

[Event "Sveins 10. minneturnering"]
[Site "Oslo"]
[Date "2017.06.27"]
[Round "9"]
[White "Westerinen, Heikki M.J"]
[Black "Kovachev, Daniel Jakobsen"]
[Result "1/2-1/2"]
[WhiteElo "2305"]
[BlackElo "2308"]
[PlyCount "83"]
[EventDate "2017.??.??"]

1. e4 e5 2. Nf3 Nc6 3. Bb5 a6 4. Ba4 Nf6 5. O-O Be7 6. Re1 b5 7. Bb3 d6 8. c3
O-O 9. h3 Na5 10. Bc2 c5 11. d4 Qc7 12. Nbd2 Nc6 13. d5 Nd8 14. a4 Rb8 15. axb5
axb5 16. b4 Nb7 17. Bd3 Bd7 18. Nf1 Ra8 19. Bd2 Ra4 20. Qe2 Rfa8 21. Rac1 c4
22. Bb1 Ne8 23. N3h2 Nd8 24. f4 exf4 25. Bxf4 f6 26. Nf3 Nf7 27. Nd4 Ne5 28.
Ne3 g6 29. Rf1 Ng7 30. Bh6 Qa7 31. Kh2 Ra3 32. Ng4 Nxg4+ 33. hxg4 Qb7 34. Kg3
Rf8 35. Rh1 Rf7 36. Bd2 Qc8 37. Rh6 Ne8 38. Rch1 Bf8 39. R6h4 Be7 40. Rh6 Bf8
41. R6h4 Be7 42. Rh6 1/2-1/2

[Event "Sveins 10. minneturnering"]
[Site "Oslo"]
[Date "2017.06.23"]
[Round "9"]
[White "Sousa, Ludy Helsio P"]
[Black "Ranaldi, Lucas"]
[Result "0-1"]
[WhiteElo "2159"]
[BlackElo "2278"]
[PlyCount "90"]
[EventDate "2017.??.??"]

1. e4 c5 2. Nf3 d6 3. d4 cxd4 4. Nxd4 Nf6 5. Nc3 a6 6. Bg5 Nbd7 7. f4 Qc7 8.
Qf3 b5 9. e5 Bb7 10. exd6 Qb6 11. Qe3 e6 12. O-O-O Bxd6 13. f5 e5 14. Ndxb5 Bc5
15. Qd2 axb5 16. Bxb5 Bc6 17. Bxc6 Qxc6 18. Rhe1 Bb4 19. Re3 O-O 20. Bxf6 Nxf6
21. a3 Rxa3 22. bxa3 Bxa3+ 23. Kb1 Rb8+ 24. Nb5 Rxb5+ 25. Rb3 Ne4 26. Qd8+ Bf8
27. Rdd3 Nc5 28. Rdc3 Nxb3 29. Rxc6 Nd4+ 30. Kc1 Nxc6 31. Qe8 Rc5 32. Kd2 Nd4
33. g4 Nf3+ 34. Kd3 Nxh2 35. g5 g6 36. fxg6 hxg6 37. Qa8 Ng4 38. Qg2 e4+ 39.
Kxe4 Ne5 40. Qd2 Nc6 41. Qg2 Nb4 42. Qd2 Nxc2 43. Qd8 Nb4 44. Kf4 Nc6 45. Qe8
Nd4 0-1

[Event "Sveins 10. minneturnering"]
[Site "Oslo"]
[Date "2017.06.27"]
[Round "9"]
[White "Bergre, Joachim"]
[Black "Solberg, Joachim"]
[Result "1/2-1/2"]
[WhiteElo "2053"]
[BlackElo "2257"]
[PlyCount "60"]
[EventDate "2017.??.??"]

1. c4 e5 2. g3 Nc6 3. Bg2 g6 4. Nc3 d6 5. d3 Bg7 6. e3 f5 7. Nge2 Nf6 8. O-O
O-O 9. Rb1 a5 10. a3 Be6 11. Nd5 Qd7 12. b4 axb4 13. axb4 Nd8 14. Nec3 g5 15.
f4 exf4 16. gxf4 g4 17. b5 Bf7 18. Nxf6+ Bxf6 19. Nd5 Bxd5 20. Bxd5+ Kh8 21.
Bb2 Qg7 22. Qb3 g3 23. Rf3 gxh2+ 24. Kxh2 Bxb2 25. Rxb2 c6 26. Rg3 Qf6 27. Bf3
Ra1 28. Rb1 Rxb1 29. Qxb1 Rg8 30. Rxg8+ Kxg8 1/2-1/2

[Event "Sveins 10. minneturnering"]
[Site "Oslo"]
[Date "2017.06.27"]
[Round "9"]
[White "Ingebretsen, Jens E"]
[Black "Al-Tarbosh, Ward"]
[Result "0-1"]
[WhiteElo "2014"]
[BlackElo "2248"]
[PlyCount "50"]
[EventDate "2017.??.??"]

1. e4 e6 2. d4 d5 3. Nd2 c5 4. Ngf3 cxd4 5. Nxd4 Nc6 6. Bb5 Bd7 7. Nxc6 bxc6 8.
Bd3 Bd6 9. Qe2 Ne7 10. O-O Qc7 11. Nf3 e5 12. c3 O-O 13. Re1 Ng6 14. Bg5 f5 15.
exf5 Bxf5 16. Bxf5 Rxf5 17. h4 Raf8 18. Be3 Rxf3 19. gxf3 Nxh4 20. f4 Qd7 21.
f3 Qh3 22. Rf1 Rf6 23. f5 Nxf5 24. Bg5 Bc5+ 25. Rf2 Ng3 0-1

[Event "Sveins 10. minneturnering"]
[Site "Oslo"]
[Date "2017.06.27"]
[Round "9"]
[White "Merkesvik, Sondre"]
[Black "Greibrokk, Ingrid"]
[Result "1-0"]
[WhiteElo "2220"]
[BlackElo "1936"]
[PlyCount "71"]
[EventDate "2017.??.??"]

1. g3 e5 2. Bg2 Nc6 3. c4 f5 4. Nc3 Nf6 5. e3 g6 6. Nge2 Bg7 7. O-O O-O 8. Rb1
d6 9. d4 Ne7 10. b4 exd4 11. exd4 d5 12. Nf4 c6 13. Qb3 dxc4 14. Qxc4+ Kh8 15.
Re1 Re8 16. Bb2 b5 17. Qb3 Qb6 18. Qf7 Qb7 19. d5 Neg8 20. Qxb7 Bxb7 21. dxc6
Ba6 22. Ne6 Rac8 23. Nd5 h5 24. Ndc7 Kh7 25. Nxa6 Kh6 26. h4 Kh7 27. Nac7 Kh6
28. Bd4 Kh7 29. Ng5+ Kh6 30. Nf7+ Kh7 31. Ng5+ Kh6 32. Nce6 Rxc6 33. Nf7+ Kh7
34. Nfg5+ Kh6 35. Nf7+ Kh7 36. Neg5# 1-0

[Event "Sveins 10. minneturnering"]
[Site "Oslo"]
[Date "2017.06.27"]
[Round "9"]
[White "Mac Arthur, John"]
[Black "Vestby-Ellingsen, Mads"]
[Result "0-1"]
[WhiteElo "1964"]
[BlackElo "2179"]
[PlyCount "64"]
[EventDate "2017.??.??"]

1. e4 e5 2. Nf3 Nc6 3. Bb5 a6 4. Bxc6 dxc6 5. d4 exd4 6. Qxd4 Qxd4 7. Nxd4 c5
8. Ne2 Bd7 9. Be3 O-O-O 10. Nd2 Bc6 11. O-O-O Bd6 12. f3 Ne7 13. Nc4 f6 14.
Nxd6+ cxd6 15. c4 Ng6 16. Kc2 b5 17. cxb5 axb5 18. b4 cxb4 19. Nd4 Kb7 20. Nf5
d5 21. exd5 Bxd5 22. Bc5 Bxa2 23. Bxb4 Ne5 24. Nd6+ Kc6 25. Ra1 Ra8 26. Rhc1
Bc4 27. Kc3 Nd3 28. Nxc4 Nxc1 29. Na5+ Kb6 30. Rxc1 Rhc8+ 31. Kb2 Rxc1 32. Kxc1
Rxa5 0-1

[Event "Sveins 10. minneturnering"]
[Site "Oslo"]
[Date "2017.06.27"]
[Round "9"]
[White "Lund, Gunnar"]
[Black "Haubro, Sigfred"]
[Result "1/2-1/2"]
[WhiteElo "1914"]
[BlackElo "2175"]
[PlyCount "124"]
[EventDate "2017.??.??"]

1. e4 d5 2. exd5 Qxd5 3. Nc3 Qa5 4. g3 Nf6 5. Bg2 c6 6. Nge2 Bf5 7. b4 Qd8 8.
b5 e6 9. O-O Be7 10. Rb1 O-O 11. bxc6 bxc6 12. d3 Nd5 13. Bd2 Bg4 14. Qc1 Nd7
15. h3 Bh5 16. Nf4 Bg6 17. Nxg6 hxg6 18. Ne4 Rc8 19. c4 N5f6 20. Be3 Nxe4 21.
dxe4 c5 22. Qc2 Qc7 23. e5 Rb8 24. f4 Rb6 25. Rxb6 axb6 26. h4 Nb8 27. Qa4 Rd8
28. Be4 Nd7 29. Rb1 Nxe5 30. Kg2 Ng4 31. Bg1 Qd6 32. Rb2 Bf6 33. Re2 Bd4 34.
Rd2 e5 35. Bf3 Nf6 36. fxe5 Qxe5 37. Re2 Qd6 38. Bh2 Be5 39. Qc6 Qxc6 40. Bxc6
Bc3 41. Bg1 Rd6 42. Bf3 Rd2 43. Rxd2 Bxd2 44. Bh2 Kf8 45. g4 Ke7 46. Be5 Ke6
47. Bxf6 Kxf6 48. Bd5 Be1 49. Kh3 Bf2 50. a3 Be1 51. g5+ Ke7 52. Kg4 f6 53.
gxf6+ gxf6 54. h5 gxh5+ 55. Kxh5 Kd6 56. Kg4 Ke5 57. Bc6 f5+ 58. Kf3 Bd2 59.
Bb5 Bg5 60. Ba6 Kd4 61. Bb5 Be3 62. Ba6 f4 1/2-1/2

[Event "Sveins 10. minneturnering"]
[Site "Oslo"]
[Date "2017.06.27"]
[Round "9"]
[White "Tenold, Andreas"]
[Black "Toby, Albert"]
[Result "1-0"]
[WhiteElo "1705"]
[BlackElo "2015"]
[PlyCount "89"]
[EventDate "2017.??.??"]

1. c4 Nf6 2. Nc3 e5 3. g3 Bb4 4. Bg2 O-O 5. e3 Re8 6. Nge2 c6 7. O-O d6 8. d4
Qe7 9. e4 Nbd7 10. d5 cxd5 11. cxd5 a6 12. h3 Bc5 13. Qd3 b5 14. a3 Ba7 15. Be3
Nc5 16. Qc2 Bd7 17. b4 Na4 18. Bxa7 Rxa7 19. Nxa4 bxa4 20. Nc3 Rc8 21. Qd3 Rac7
22. Rfc1 Bb5 23. Qe3 Qd7 24. Nxb5 axb5 25. f4 Rc4 26. Rxc4 Rxc4 27. fxe5 dxe5
28. Rc1 Rd4 29. Rc5 h6 30. Qe2 Qa7 31. Kh2 Kh7 32. Rxb5 Qa6 33. Qf1 Rd1 34.
Qxd1 Qxb5 35. Qc2 Qa6 36. Qc3 Nd7 37. Qf3 Nf6 38. Qf5+ Kg8 39. Qxe5 Qd3 40.
Qb8+ Kh7 41. e5 Ne4 42. e6 fxe6 43. dxe6 Qe2 44. e7 Ng5 45. Qf8 1-0

[Event "Sveins 10. minneturnering"]
[Site "Oslo"]
[Date "2017.06.27"]
[Round "9"]
[White "Omtvedt, Per"]
[Black "Sundsbo, Sigve"]
[Result "1/2-1/2"]
[WhiteElo "1934"]
[BlackElo "1796"]
[PlyCount "72"]
[EventDate "2017.??.??"]

1. e4 e6 2. d4 d5 3. Nd2 c5 4. exd5 Qxd5 5. Ngf3 cxd4 6. Bc4 Qd6 7. O-O Nf6 8.
Nb3 Nc6 9. Nbxd4 Nxd4 10. Nxd4 a6 11. a4 Bd7 12. c3 Qc7 13. Qe2 Bd6 14. f4 O-O
15. Bd3 Bc5 16. Be3 Nd5 17. Be4 Nxe3 18. Qxe3 Bc6 19. Rfd1 Rfd8 20. Kh1 Bxd4
21. Rxd4 Bxe4 22. Rxe4 h6 23. Re1 Rd7 24. Qf3 Rad8 25. f5 exf5 26. Qxf5 Rd1 27.
Qf3 Rxe1+ 28. Rxe1 Rd2 29. b4 Qd7 30. h3 Rd3 31. Qe4 Rd1 32. Rxd1 Qxd1+ 33. Kh2
Qd7 34. Kh1 Qd1+ 35. Kh2 Qd6+ 36. Kh1 Qd1+ 1/2-1/2

[Event "Sveins 10. minneturnering"]
[Site "Oslo"]
[Date "2017.06.27"]
[Round "9"]
[White "NÃ¦ss, Sara"]
[Black "Merkesvik, Amalie Isabel"]
[Result "1/2-1/2"]
[WhiteElo "1795"]
[BlackElo "1782"]
[PlyCount "87"]
[EventDate "2017.??.??"]

1. e4 c5 2. Nf3 d6 3. d4 cxd4 4. Nxd4 Nf6 5. Nc3 a6 6. Be2 e6 7. O-O b5 8. Bf3
e5 9. Nf5 d5 10. Bg5 d4 11. Nd5 Ra7 12. Bxf6 gxf6 13. Ng3 Be6 14. c4 dxc3 15.
bxc3 Nd7 16. a4 bxa4 17. Qxa4 Be7 18. Nf5 Bc5 19. Qc6 O-O 20. Rfd1 Qa8 21. Qa4
Re8 22. Rd3 Qb7 23. Rd2 Rc8 24. Nde7+ Bxe7 25. Nxe7+ Kf8 26. Nxc8 Qxc8 27. Qb4+
Kg8 28. Rad1 Rb7 29. Qe7 Rc7 30. h4 a5 31. Be2 Kg7 32. Rd3 Nf8 33. Qa3 Nd7 34.
Rg3+ Kh8 35. Bb5 Nc5 36. f3 Qa8 37. Qc1 Qf8 38. Rd8 Qxd8 39. Qh6 Bg4 40. Rxg4
Ne6 41. c4 a4 42. Bxa4 Rxc4 43. Bb3 Rc7 44. Kh2 1/2-1/2

[Event "Sveins 10. minneturnering"]
[Site "Oslo"]
[Date "2017.06.27"]
[Round "9"]
[White "Skaslien, Ingrid"]
[Black "Kreken, Eivind Grunt"]
[Result "1-0"]
[WhiteElo "1773"]
[BlackElo "1386"]
[PlyCount "51"]
[EventDate "2017.??.??"]

1. d4 e6 2. c4 Nf6 3. Nc3 Bb4 4. Qc2 O-O 5. Bf4 d5 6. e3 c5 7. Nf3 Nc6 8. a3
Bxc3+ 9. bxc3 Qa5 10. Bd3 h6 11. O-O dxc4 12. Bxc4 cxd4 13. exd4 b6 14. Be2 Ba6
15. c4 Rad8 16. Rfd1 Ne7 17. Bd2 Qf5 18. Qa4 Bb7 19. Bb4 Rd7 20. Ne5 Qg5 21.
Bf1 Rc7 22. Bd6 Bc6 23. Nxc6 Ne4 24. Nxe7+ Rxe7 25. Bxe7 Qxe7 26. Qc2 1-0

[Event "Sveins 10. minneturnering"]
[Site "Oslo"]
[Date "2017.06.27"]
[Round "9"]
[White "Gaure, Sigurd Lauvas"]
[Black "Vestjord, Harald Christian"]
[Result "1-0"]
[WhiteElo "1532"]
[BlackElo "1760"]
[PlyCount "51"]
[EventDate "2017.??.??"]

1. e4 c6 2. d4 d5 3. e5 Bf5 4. Nc3 e6 5. Bd3 Bxd3 6. Qxd3 Ne7 7. Bg5 Qb6 8.
Nge2 c5 9. O-O c4 10. Qd2 h6 11. Be3 Nf5 12. b3 cxb3 13. axb3 Nc6 14. Na4 Qb4
15. c3 Qb5 16. c4 dxc4 17. bxc4 Qa5 18. Qb2 Qc7 19. Rfb1 Rd8 20. Qxb7 Qxb7 21.
Rxb7 Nfxd4 22. Nxd4 Nxd4 23. Bxd4 Rxd4 24. Rxa7 Rxc4 25. Ra8+ Ke7 26. Nc5 1-0

[Event "Sveins 10. minneturnering"]
[Site "Oslo"]
[Date "2017.06.27"]
[Round "9"]
[White "Trasti, Nora"]
[Black "Sharma, Neil E"]
[Result "1-0"]
[WhiteElo "1359"]
[BlackElo "1402"]
[PlyCount "65"]
[EventDate "2017.??.??"]

1. d4 Nf6 2. c4 e6 3. Nf3 d5 4. e3 Nbd7 5. Qb3 Be7 6. Nc3 c6 7. Bd3 b6 8. O-O
Bb7 9. cxd5 cxd5 10. Ne5 Nxe5 11. dxe5 Nd7 12. f4 O-O 13. Qc2 g6 14. Qe2 Rc8
15. Bd2 Nc5 16. Bc2 d4 17. exd4 Qxd4+ 18. Be3 Qd8 19. Rad1 Qe8 20. Nb5 Ba6 21.
a4 Bxb5 22. axb5 Rd8 23. b4 Nd7 24. f5 Bxb4 25. Bh6 Qe7 26. Bxf8 Qxf8 27. fxe6
Qc5+ 28. Kh1 Nxe5 29. Rxd8+ Kg7 30. exf7 Nxf7 31. Rd7 Qc3 32. Rdxf7+ Kh6 33.
Qe7 1-0

[Event "Sveins 10. minneturnering"]
[Site "Oslo"]
[Date "2017.06.27"]
[Round "9"]
[White "Hestvik, Elias"]
[Black "Vestby, Anniken"]
[Result "1-0"]
[WhiteElo "1192"]
[BlackElo "1336"]
[PlyCount "75"]
[EventDate "2017.??.??"]

1. e4 c6 2. d4 d5 3. Nc3 dxe4 4. Nxe4 Bf5 5. Ng3 Bg6 6. Nf3 Nd7 7. c3 e6 8. h4
h6 9. h5 Bh7 10. Bd3 Bxd3 11. Qxd3 Ngf6 12. Bf4 Be7 13. O-O-O Ng4 14. Be3 Nxe3
15. fxe3 Nf6 16. e4 c5 17. Ne5 cxd4 18. Qb5+ Nd7 19. Rxd4 O-O 20. Nxd7 Bg5+ 21.
Kb1 Re8 22. e5 Qc7 23. Rc4 Qd8 24. Rd1 Bd2 25. Rxd2 Qg5 26. Ne4 Qf5 27. Rf2 Qh7
28. Ndf6+ gxf6 29. Ka1 Kf8 30. Nxf6 Qd3 31. Qc5+ Kg7 32. Rg4+ Kh8 33. Qd4 Qxd4
34. Rxd4 Red8 35. Rfd2 Rdc8 36. Rd7 Rc5 37. Rxf7 Rg8 38. Rh7# 1-0